Low of contract

Bibliographic Details
Main Author: Major, WT
Format: Book
Published: London : Pitman Publisher , 1989
Edition:7th edition
Subjects:

MARC

LEADER 00000cam a2200000 7i4500
001 0000005750
002 000006215
005 20000330.0
020 |a 0712112006 
090 0 0 |a 344.2062   |b MAJ 
100 1 |a Major, WT 
245 1 0 |a Low of contract   |c Major WT 
250 |a 7th edition 
260 |a London :   |b Pitman Publisher ,   |c 1989 
300 |a 316p. ;   |c 17cm. 
650 0 0 |a Contracts   |z England 
999 |a 037742   |b BUKU   |c PINJAMAN   |e PERPUSTAKAAN KOMUNITI PETALING JAYA